Didáctica y estructura de los medios audiovisuales / Gaudenzio Norbis (Registro nro. 1184)

Detalles MARC
000 -LEADER
fixed length control field 00502nam a22001811a 4500
001 - CONTROL NUMBER
control field 1184
003 - CONTROL NUMBER IDENTIFIER
control field OSt
005 - DATE AND TIME OF LATEST TRANSACTION
control field 20260204211725.0
008 - FIXED-LENGTH DATA ELEMENTS--GENERAL INFORMATION
fixed length control field 040116s1971||||ag ||||||b||||||||||spa||
050 ## - LIBRARY OF CONGRESS CALL NUMBER
Classification number 371.335 N751d
082 ## - DEWEY DECIMAL CLASSIFICATION NUMBER
Classification number 371.335 N751d
100 ## - ASIENTO PRINCIPAL -- NOMBRE PERSONAL
Personal name Norbis, Gaudenzio
245 ## - TÍTULO PROPIAMENTE DICHO: SUBTÍTULO
Title Didáctica y estructura de los medios audiovisuales / Gaudenzio Norbis
264 ## - PRODUCTION, PUBLICATION, DISTRIBUTION, MANUFACTURE, AND COPYRIGHT NOTICE
Place of production, publication, distribution, manufacture Argentina : Kapeluz
300 ## - PHYSICAL DESCRIPTION
Extensión 271 p.
650 ## - ASIENTO SECUNDARIO DE MATERIA -- TERMINO TEMÁTICO
Termino Temático Como Elemento de Entrada 1.Educación Audiovisuales 2.Enseñanza AudiovisualÌ
942 ## - ADDED ENTRY ELEMENTS (KOHA)
Source of classification or shelving scheme Dewey Decimal Classification
Koha item type Libros
Existencias
Withdrawn status Lost status Source of classification or shelving scheme Damaged status Not for loan Current library Date acquired Full call number Barcode Date last seen Price effective from Koha item type
    Dewey Decimal Classification Dañado   Biblioteca UTECO 09/09/2019 371.335 N751D 004651 09/09/2019 09/09/2019 Libros
© 2021 Derechos Reservados UTECO - Teléfono: +1 809-585-2291 - Correo electrónico: biblioteca@uteco.edu.do​  
Código postal 43000 ​​
Dirección: Avenida Universitaria No. 100, 
Cotuí, Provincia Sánchez Ramírez, República Dominicana - RNC: 404-00059-6